Silent to the bone / (Record no. 2620)
[ view plain ]
| 000 -LEADER | |
|---|---|
| fixed length control field | 01252cam a2200337 a 4500 |
| 005 - DATE AND TIME OF LATEST TRANSACTION | |
| control field | 20240105110308.0 |
| 020 ## - INTERNATIONAL STANDARD BOOK NUMBER | |
| International Standard Book Number | 0689836015 |
| 020 ## - INTERNATIONAL STANDARD BOOK NUMBER | |
| International Standard Book Number | 9780689836022 |
| 040 ## - CATALOGING SOURCE | |
| Original cataloging agency | DLC |
| Transcribing agency | DLC |
| Modifying agency | DLC |
| Language of cataloging | eng |
| 050 00 - LIBRARY OF CONGRESS CALL NUMBER | |
| Classification number | PZ7.K8352 |
| Item number | Si 2000 |
| 082 00 - DEWEY DECIMAL CLASSIFICATION NUMBER | |
| Classification number | 813.54 |
| Edition number | 21 |
| 100 1# - MAIN ENTRY--PERSONAL NAME | |
| Personal name | Konigsburg, E. L. |
| 245 10 - TITLE STATEMENT | |
| Title | Silent to the bone / |
| Statement of responsibility, etc. | E.L. Konigsburg |
| 250 ## - EDITION STATEMENT | |
| Edition statement | First Aladdin Paperbacks edition April 2002 |
| 260 ## - PUBLICATION, DISTRIBUTION, ETC. | |
| Place of publication, distribution, etc. | New York : |
| Name of publisher, distributor, etc. | Aladdin Paperbacks, |
| Date of publication, distribution, etc. | 2000 |
| 300 ## - PHYSICAL DESCRIPTION | |
| Extent | 261 pages : |
| Dimensions | 20 cm |
| 500 ## - GENERAL NOTE | |
| General note | Companion book to: The outcasts of 19 Schuyler Place and The mysterious edge of the heroic world. |
| 505 ## - FORMATTED CONTENTS NOTE | |
| Formatted contents note | P |
| 520 ## - SUMMARY, ETC. | |
| Summary, etc. | When he is wrongly accused of gravely injuring his baby half-sister, thirteen-year-old Branwell loses his power of speech and only his friend Connor is able to reach him and uncover the truth about what really happened. |
| 521 ## - TARGET AUDIENCE NOTE | |
| Target audience note | 810 |
| Source | Lexile |
| 521 ## - TARGET AUDIENCE NOTE | |
| Target audience note | P |
| Source | Raz-Plus |
| 650 #1 - SUBJECT ADDED ENTRY--TOPICAL TERM | |
| Topical term or geographic name entry element | Selective mutism |
| Form subdivision | Fiction. |
| 650 #1 - SUBJECT ADDED ENTRY--TOPICAL TERM | |
| Topical term or geographic name entry element | Emotional problems |
| Form subdivision | Fiction. |
| 650 #1 - SUBJECT ADDED ENTRY--TOPICAL TERM | |
| Topical term or geographic name entry element | Babysitters and babysitting |
| Form subdivision | Fiction. |
| 650 #1 - SUBJECT ADDED ENTRY--TOPICAL TERM | |
| Topical term or geographic name entry element | Remarriage |
| Form subdivision | Fiction. |
| 650 #1 - SUBJECT ADDED ENTRY--TOPICAL TERM | |
| Topical term or geographic name entry element | Siblings |
| Form subdivision | Fiction. |
| 650 #1 - SUBJECT ADDED ENTRY--TOPICAL TERM | |
| Topical term or geographic name entry element | Friendship |
| Form subdivision | Fiction. |
| 906 ## - LOCAL DATA ELEMENT F, LDF (RLIN) | |
| a | 7 |
| b | cbc |
| c | orignew |
| d | 1 |
| e | ocip |
| f | 20 |
| g | y-gencatlg |
| 942 ## - ADDED ENTRY ELEMENTS (KOHA) | |
| Source of classification or shelving scheme | Dewey Decimal Classification |
| Koha item type | Books |
| Suppress in OPAC | No |
| 999 ## - | |
| -- | 2620 |
| -- | 2620 |
| Withdrawn status | Lost status | Source of classification or shelving scheme | Damaged status | Not for loan | Collection | Home library | Current library | Shelving location | Date acquired | Total Checkouts | Full call number | Barcode | Date last seen | Date last checked out | Price effective from | Koha item type |
|---|---|---|---|---|---|---|---|---|---|---|---|---|---|---|---|---|
| Dewey Decimal Classification | Fiction | Footprints International School Library Network Toul Kork Campus | Footprints International School Library Network Toul Kork Campus | 01/05/2024 | 1 | KON 813.54 PZ7.K8352 | FIS00542 | 09/12/2024 | 08/29/2024 | 01/05/2024 | Books |
